000 00986nam a2200229Ii 4500
003 JO-AjNU
008 230605s9999||||xx |||||||||||||| ||und||
017 _a2013/1/257
020 _a978-9957-32-742-2
040 _aJO-AjNU
_bara
_erda
_cJO-AjNU
041 _aara
050 1 4 _aQ180.A1.N253 2020
100 3 _aالنجار، فايز جمعه، م.مشارك نبيل جمعه النجار، م.مشارك ماجد راضي الزعبي ,
_eauthor
_962217
245 0 0 _aاساليب البحث العلمي: منظور تطبيقي = Scientific Research Methods Applied Perspective
250 _aط5 مزيدة ومنقحة ومحكمة تحكيما علميا ومنهجيا
264 3 1 _aعمان: دار الحامد للنشر والتوزيع، 2020
300 _a371ص
336 _atext
_btxt
_2rdacontent
337 _aunmediated
_bn
_2rdamedia
338 _avolume
_bnc
_2rdacarrier
650 4 _aاساليب البحث - الابحاث - طرق البحث
_962218
999 _aA28163
_c31731
_d31731